[Event "FRA-chT2 0910"]
[Site "France"]
[Date "2009.10.17"]
[Round "2.7"]
[White "Mostaghacy, Babak"]
[Black "Tching Sin, Olivier"]
[Result "1/2-1/2"]
[WhiteElo "1760"]
[BlackElo "2008"]
[PlyCount "129"]
[EventDate "2009.09.27"]
[EventType "team"]
[EventRounds "11"]
[EventCountry "FRA"]
[Source "ChessBase"]
[SourceDate "2010.03.11"]

1. e4 c5 2. Nf3 Nc6 3. d4 cxd4 4. c3 d5 5. exd5 Qxd5 6. cxd4 e6 7. Be2 Nf6 8.
Nc3 Qd6 9. O-O Be7 10. Nb5 Qd8 11. Bf4 Nd5 12. Bg3 a6 13. Nc3 O-O 14. Re1 b5
15. Rc1 Bb7 16. a3 Nf6 17. Bd3 Qb6 18. Bh4 Rad8 19. d5 Nxd5 20. Nxd5 Rxd5 21.
Rxc6 Qxc6 22. Bxe7 Qd7 23. Bxf8 Rxd3 24. Qc1 Bxf3 25. Bb4 Bb7 26. Qc5 Qd8 27.
h3 Rd5 28. Qe7 Qxe7 29. Bxe7 Rd2 30. b3 Bd5 31. Rc1 h6 32. Rc3 Rb2 33. b4 Rb3
34. Rxb3 Bxb3 35. Kf1 f6 36. g3 Kf7 37. Bc5 h5 38. Ke2 e5 39. Ke3 Ke6 40. g4
Bd1 41. gxh5 Bxh5 42. f4 exf4+ 43. Kxf4 g6 44. h4 Kd5 45. Be3 Kc4 46. Bb6 Kb3
47. Ke4 Kxa3 48. Ba5 Kb3 49. Kf4 Kc4 50. Ke4 Bd1 51. Kf4 Be2 52. Ke4 Bf1 53.
Kf4 Bd3 54. Kg4 Be2+ 55. Kf4 Kd4 56. Bb6+ Kd5 57. Bd8 Kc4 58. Ba5 Bd1 59. Ke4
g5 60. hxg5 fxg5 61. Kf5 g4 62. Kf4 Kd3 63. Bb6 Bf3 64. Kg3 Ke2 65. Bc7 1/2-1/2

[Event "FRA-chT2 0910"]
[Site "France"]
[Date "2009.10.17"]
[Round "2.7"]
[White "Nord, Antoine"]
[Black "Cassam Chenai, Eric"]
[Result "0-1"]
[WhiteElo "1939"]
[BlackElo "1903"]
[PlyCount "94"]
[EventDate "2009.09.27"]
[EventType "team"]
[EventRounds "11"]
[EventCountry "FRA"]
[Source "ChessBase"]
[SourceDate "2010.03.11"]

1. e4 d6 2. d4 Nf6 3. Nc3 g6 4. f4 Bg7 5. Nf3 O-O 6. Bd3 c5 7. dxc5 dxc5 8. Be3
Qa5 9. O-O Rd8 10. Qe1 Nc6 11. e5 Ng4 12. Bd2 c4 13. Be4 Qb6+ 14. Kh1 Qxb2 15.
h3 Nh6 16. Rb1 Qa3 17. Nb5 Qa4 18. Bxc6 bxc6 19. Nc7 Bf5 20. Nxa8 Rxa8 21. Nd4
Qxa2 22. Qc1 Qa6 23. Kh2 Be4 24. Qe1 Bd5 25. f5 c5 26. Nb5 Qc6 27. g4 Be4 28.
f6 exf6 29. exf6 Bf8 30. Qh4 a6 31. Nc3 Bd6+ 32. Kg1 Bh1 33. Rf2 Be5 34. Qxh6
Bxf6 35. Qf4 Bd4 36. Be3 Bxc3 37. Qxf7+ Kh8 38. Rb7 Qxb7 39. Qxc4 Qb1+ 40. Rf1
Qb4 41. Qxb4 cxb4 42. Kxh1 a5 43. Rd1 a4 44. Bd2 Bxd2 45. Rxd2 a3 46. Rd1 Rc8
47. Rb1 a2 0-1

[Event "FRA-chT2 0910"]
[Site "France"]
[Date "2009.10.17"]
[Round "2.7"]
[White "Thibault, Pierre Olivier"]
[Black "Gaudineau, Gilles"]
[Result "1/2-1/2"]
[WhiteElo "1990"]
[BlackElo "2070"]
[PlyCount "146"]
[EventDate "2009.09.27"]
[EventType "team"]
[EventRounds "11"]
[EventCountry "FRA"]
[Source "ChessBase"]
[SourceDate "2010.03.11"]

1. e4 e5 2. Nf3 Nc6 3. Bb5 a6 4. Ba4 Nf6 5. O-O b5 6. Bb3 Be7 7. Re1 d6 8. c3
Bg4 9. d4 exd4 10. cxd4 O-O 11. Qd3 Bxf3 12. gxf3 Nb4 13. Qc3 c5 14. d5 a5 15.
a3 Na6 16. f4 c4 17. Bc2 Rc8 18. Qf3 g6 19. Nc3 Qd7 20. e5 Nh5 21. e6 Qb7 22.
f5 b4 23. axb4 axb4 24. Ne4 fxe6 25. dxe6 Nc5 26. Qg4 Nxe4 27. Bxe4 d5 28. Bb1
Nf6 29. Qg2 c3 30. bxc3 bxc3 31. Bd3 Kh8 32. Be3 Qb4 33. Qh3 Qg4+ 34. Qxg4 Nxg4
35. Bd4+ Bf6 36. e7 Rg8 37. Bxf6+ Nxf6 38. fxg6 hxg6 39. Ra6 Ne8 40. Kf1 Rc7
41. Rae6 c2 42. Rc1 Rg7 43. Rxc2 Rgxe7 44. Rxe7 Rxe7 45. Bxg6 Kg7 46. Bd3 Nf6
47. Rc5 Ra7 48. Kg2 Kf7 49. Rc3 Ke6 50. Rc6+ Ke7 51. Bf5 Ra2 52. Re6+ Kf7 53.
Rb6 Ke7 54. Rb4 Kd6 55. h4 Ke5 56. Bb1 Rd2 57. Kf3 Rd1 58. Bc2 Rc1 59. Bg6 Rg1
60. h5 Ng8 61. Rb8 Ne7 62. Re8 Kf6 63. Bd3 Rh1 64. Rh8 Rh3+ 65. Ke2 Kg7 66.
Rh7+ Kf6 67. Rh6+ Kg7 68. Re6 Kf7 69. Re5 Kf6 70. f4 Rh2+ 71. Ke3 Rh3+ 72. Ke2
Rh4 73. Ke3 Rh3+ 1/2-1/2

[Event "FRA-chT2 0910"]
[Site "France"]
[Date "2009.10.17"]
[Round "2.7"]
[White "Thorel, Gregoire"]
[Black "Foussard, Gervais"]
[Result "1/2-1/2"]
[WhiteElo "1847"]
[BlackElo "1930"]
[PlyCount "116"]
[EventDate "2009.09.27"]
[EventType "team"]
[EventRounds "11"]
[EventCountry "FRA"]
[Source "ChessBase"]
[SourceDate "2010.03.11"]

1. e4 d5 2. exd5 Qxd5 3. Nc3 Qd6 4. d4 Nf6 5. Nf3 a6 6. h3 Nc6 7. Bg5 h6 8. Bh4
Bf5 9. Bc4 Qb4 10. Bb3 Ne4 11. O-O Nxc3 12. bxc3 Qxc3 13. Re1 g5 14. Re3 Qa5
15. d5 O-O-O 16. Qe2 Nb4 17. Re5 Bg6 18. d6 Qb6 19. dxe7 Bxe7 20. Rxe7 gxh4 21.
Ne5 Qf6 22. Qg4+ Bf5 23. Qxb4 Rd6 24. Re1 Qxe7 25. Nxf7 Qf6 26. Nxd6+ Qxd6 27.
Qxd6 cxd6 28. Bd5 b6 29. Be6+ Bxe6 30. Rxe6 Kd7 31. Re2 d5 32. Kf1 Kd6 33. Ke1
Rg8 34. f3 Kc5 35. Kd2 Kc4 36. Ke3 Re8+ 37. Kd2 Rxe2+ 38. Kxe2 Kd4 39. Kd2 b5
40. c3+ Ke5 41. Kd3 Kf4 42. Kd4 Kg3 43. Ke3 b4 44. cxb4 Kxg2 45. f4 d4+ 46.
Kxd4 Kxh3 47. f5 Kg4 48. f6 h3 49. f7 h2 50. f8=Q h1=Q 51. Qg7+ Kf4 52. Qe5+
Kg4 53. Qe6+ Kf4 54. Qe3+ Kf5 55. Qf2+ Ke6 56. Qe2+ Kf5 57. Qd3+ Kf4 58. Qe3+
Kg4 1/2-1/2

[Event "FRA-chT2 0910"]
[Site "France"]
[Date "2009.10.17"]
[Round "2.7"]
[White "Vallobra, Thierry"]
[Black "Simon, Laurent"]
[Result "0-1"]
[WhiteElo "1420"]
[BlackElo "2058"]
[PlyCount "84"]
[EventDate "2009.09.27"]
[EventType "team"]
[EventRounds "11"]
[EventCountry "FRA"]
[Source "ChessBase"]
[SourceDate "2010.03.11"]

1. d4 d5 2. c4 Bf5 3. e3 e6 4. Nf3 Nf6 5. Nc3 c6 6. Bd3 Bxd3 7. Qxd3 Nbd7 8. c5
a5 9. O-O b6 10. cxb6 Nxb6 11. b3 Bd6 12. Bd2 O-O 13. Rfe1 h6 14. Ne2 Ne4 15.
Ne5 Bxe5 16. dxe5 c5 17. Qc2 Qd7 18. Red1 Rfc8 19. Nc3 Nxc3 20. Qxc3 a4 21. e4
d4 22. Qg3 Kh7 23. Qh3 Qb7 24. f3 axb3 25. axb3 Rxa1 26. Rxa1 c4 27. bxc4 Nxc4
28. Bf4 Qb2 29. Rc1 d3 30. g4 d2 31. Rd1 Qd4+ 32. Kg2 Ne3+ 33. Bxe3 Qxe3 34. g5
Qe2+ 35. Kg3 Qxd1 36. gxh6 Qxf3+ 37. Kxf3 d1=Q+ 38. Kf4 Qd2+ 39. Kg4 Qxh6 40.
Qf3 Kg6 41. Qh1 Qg5+ 42. Kf3 Rc3+ 0-1

[Event "FRA-chT2 0910"]
[Site "France"]
[Date "2009.10.17"]
[Round "2.7"]
[White "Vigneron, Quentin"]
[Black "Faby, Fabrice"]
[Result "1-0"]
[WhiteElo "1927"]
[BlackElo "2160"]
[PlyCount "83"]
[EventDate "2009.09.27"]
[EventType "team"]
[EventRounds "11"]
[EventCountry "FRA"]
[Source "ChessBase"]
[SourceDate "2010.03.11"]

1. e4 e6 2. d4 d5 3. Nc3 Bb4 4. Bd3 c5 5. exd5 Qxd5 6. Bd2 Bxc3 7. Bxc3 Qxg2 8.
Qf3 Qxf3 9. Nxf3 cxd4 10. Nxd4 Ne7 11. Nb5 Nd5 12. Bxg7 Rg8 13. Rg1 Bd7 14.
Nd6+ Ke7 15. Nxb7 f5 16. O-O-O Bc6 17. Na5 Kf7 18. Be5 Ne7 19. Rxg8 Kxg8 20.
Rg1+ Kf8 21. Rg7 Bd5 22. Rxh7 Ng6 23. Bc3 Nc6 24. Nxc6 Bxc6 25. Bc4 Nf4 26.
Rh8+ Kf7 27. Rxa8 Bxa8 28. Kd2 Bb7 29. a4 Nh3 30. Bd4 a6 31. b4 Ng5 32. Ke3 Nf3
33. Bxa6 Nxd4 34. Kxd4 Bxa6 35. Ke5 Be2 36. b5 Ke7 37. b6 Kd7 38. a5 Ba6 39. f4
Bc8 40. h4 Ke7 41. c4 Ba6 42. c5 1-0

[Event "FRA-chT2 0910"]
[Site "France"]
[Date "2009.10.17"]
[Round "2.8"]
[White "Anamba Onana, Marie Therese"]
[Black "Pays, Natacha"]
[Result "1/2-1/2"]
[WhiteElo "1680"]
[BlackElo "1500"]
[PlyCount "94"]
[EventDate "2009.09.27"]
[EventType "team"]
[EventRounds "11"]
[EventCountry "FRA"]
[Source "ChessBase"]
[SourceDate "2010.03.11"]

1. e4 e5 2. Nf3 Nc6 3. Nc3 Nf6 4. Bb5 d6 5. d4 exd4 6. Qxd4 Bd7 7. Bxc6 Bxc6 8.
O-O Be7 9. Bf4 O-O 10. Rfe1 Re8 11. Rad1 Qd7 12. h3 Nh5 13. Qe3 Nxf4 14. Qxf4
Rad8 15. Ne5 Qe6 16. Ng4 Qg6 17. Nd5 Bg5 18. Qf3 Rc8 19. c3 Bxd5 20. Rxd5 c6
21. Rf5 h5 22. Ne3 b5 23. Nf1 h4 24. Ne3 Bxe3 25. Rxe3 Re6 26. Qf4 Qh6 27. Rxf7
Qxf4 28. Rxf4 g5 29. Rf5 Rg6 30. e5 dxe5 31. Rexe5 Rd8 32. Kf1 Rd2 33. Re2 Rd1+
34. Re1 Rd2 35. Rb1 Kg7 36. Ke1 Rd8 37. f3 Re6+ 38. Kf1 Kg6 39. Rc5 Rd2 40. a3
Ree2 41. Rxc6+ Kf5 42. Rc5+ Kf4 43. Rxb5 Rf2+ 44. Ke1 Rfe2+ 45. Kf1 Rf2+ 46.
Ke1 Rfe2+ 47. Kf1 Rf2+ 1/2-1/2

[Event "FRA-chT2 0910"]
[Site "France"]
[Date "2009.10.17"]
[Round "2.8"]
[White "Armas, Julius"]
[Black "Armas, Lara Maria"]
[Result "0-1"]
[WhiteElo "2335"]
[BlackElo "1853"]
[PlyCount "84"]
[EventDate "2009.09.27"]
[EventType "team"]
[EventRounds "11"]
[EventCountry "FRA"]
[Source "ChessBase"]
[SourceDate "2010.03.11"]

1. e4 c5 2. Nc3 Nc6 3. g3 g6 4. Bg2 Bg7 5. d3 e6 6. Be3 d6 7. Nge2 Nge7 8. O-O
O-O 9. Qd2 Nd4 10. Nd1 Nxe2+ 11. Qxe2 Qc7 12. Qd2 Re8 13. f4 Bd7 14. g4 f5 15.
g5 Rac8 16. c3 b5 17. Bf2 a5 18. Ne3 Bc6 19. Nc2 Bb7 20. h4 b4 21. Rae1 Qd7 22.
Bf3 Qa4 23. Ra1 Red8 24. Rfe1 Qc6 25. Kg2 e5 26. Bg3 fxe4 27. dxe4 d5 28. Qe2
exf4 29. Bxf4 bxc3 30. bxc3 Bxc3 31. exd5 Nxd5 32. Kg3 Nxf4 33. Bxc6 Nxe2+ 34.
Rxe2 Bxc6 35. Rb1 Rd3+ 36. Kf2 Rf8+ 37. Kg1 Rg3+ 38. Kh2 Rgf3 39. Kg1 R3f4 40.
Re6 Be4 41. Rc1 Rxh4 42. Rd6 Rh1# 0-1

[Event "FRA-chT2 0910"]
[Site "France"]
[Date "2009.10.17"]
[Round "2.8"]
[White "Barakoff, Annie"]
[Black "Mousset Evtouchenko, Nina"]
[Result "0-1"]
[WhiteElo "1553"]
[BlackElo "1755"]
[PlyCount "104"]
[EventDate "2009.09.27"]
[EventType "team"]
[EventRounds "11"]
[EventCountry "FRA"]
[Source "ChessBase"]
[SourceDate "2010.03.11"]

1. Nf3 d5 2. g3 Nf6 3. Bg2 Bf5 4. d3 Nbd7 5. O-O e5 6. Nh4 Be6 7. e4 Bd6 8.
exd5 Bxd5 9. Nf3 O-O 10. Nc3 Bc6 11. a3 a5 12. Bd2 b5 13. Ng5 Bxg2 14. Kxg2 c6
15. Nce4 Bc7 16. Re1 h6 17. Nf3 Nxe4 18. dxe4 f5 19. exf5 Rxf5 20. Nh4 Rf7 21.
Be3 Qf6 22. Rf1 Nb6 23. Qg4 g5 24. Nf3 Rg7 25. Qe4 Re8 26. Nd2 Nd5 27. c4 Ne7
28. Rac1 b4 29. axb4 axb4 30. b3 Nf5 31. Bc5 Rb8 32. Ra1 Nd4 33. Ra6 Qg6 34.
Qxg6 Rxg6 35. Ra7 Ne6 36. Ne4 Nxc5 37. Nxc5 Bb6 38. Nd7 Bxa7 39. Nxb8 Bxb8 40.
Rd1 Bd6 41. Kf3 Rf6+ 42. Kg4 Kf7 43. Kh5 Ke7 44. h4 gxh4 45. Kxh4 Rxf2 46. Rb1
Ke6 47. Kg4 e4 48. Rh1 Rf6 49. Re1 Ke5 50. Rd1 e3 51. Kh5 Ke4 52. g4 e2 0-1

[Event "FRA-chT2 0910"]
[Site "France"]
[Date "2009.10.17"]
[Round "2.8"]
[White "Broutin, Emilie"]
[Black "Belloc, Sidonie"]
[Result "0-1"]
[WhiteElo "1610"]
[BlackElo "1801"]
[PlyCount "124"]
[EventDate "2009.09.27"]
[EventType "team"]
[EventRounds "11"]
[EventCountry "FRA"]
[Source "ChessBase"]
[SourceDate "2010.03.11"]

1. e4 e6 2. d4 d5 3. e5 c5 4. Bb5+ Bd7 5. Bxd7+ Nxd7 6. c3 Ne7 7. Nf3 Nc6 8.
O-O Be7 9. Be3 O-O 10. Nbd2 cxd4 11. cxd4 Rc8 12. Nb3 Qb6 13. Rc1 Na5 14. Nxa5
Qxa5 15. Qb3 Qb6 16. Qxb6 Nxb6 17. Rxc8 Rxc8 18. Rc1 Rxc1+ 19. Bxc1 f6 20. b3
Nd7 21. Kf1 h6 22. Ke2 Bb4 23. a3 Bc3 24. Kd3 Ba1 25. b4 fxe5 26. dxe5 Nxe5+
27. Nxe5 Bxe5 28. f4 Bf6 29. Be3 b6 30. Bd4 Kf7 31. Be5 Bxe5 32. fxe5 Kg6 33.
Kd4 Kf5 34. a4 h5 35. a5 bxa5 36. bxa5 g5 37. a6 h4 38. h3 g4 39. hxg4+ Kxg4
40. Kc5 Kg3 41. Kc6 d4 42. Kb7 d3 43. Kxa7 d2 44. Kb8 d1=Q 45. a7 Qa4 46. a8=Q
Qxa8+ 47. Kxa8 Kxg2 48. Kb7 Kg3 49. Kc6 h3 50. Kd6 h2 51. Kxe6 h1=Q 52. Kd6
Qd1+ 53. Ke7 Qd5 54. e6 Kf4 55. Kf6 Qf5+ 56. Ke7 Ke5 57. Kd8 Kxe6 58. Kc7 Kd5
59. Kb7 Kc5 60. Kb8 Qd7 61. Ka8 Kb6 62. Kb8 Qd8# 0-1

[Event "FRA-chT2 0910"]
[Site "France"]
[Date "2009.10.17"]
[Round "2.8"]
[White "Doucet, Antoine"]
[Black "Murie, Eric"]
[Result "0-1"]
[WhiteElo "1791"]
[BlackElo "2083"]
[PlyCount "72"]
[EventDate "2009.09.27"]
[EventType "team"]
[EventRounds "11"]
[EventCountry "FRA"]
[Source "ChessBase"]
[SourceDate "2010.03.11"]

1. d4 Nf6 2. c4 e6 3. Nc3 Bb4 4. Qc2 d5 5. cxd5 exd5 6. e3 O-O 7. Bd3 Re8 8.
Nge2 Nbd7 9. O-O Nf8 10. Qb3 Bd6 11. f3 c5 12. Bb5 Re7 13. Ng3 c4 14. Qd1 Bxg3
15. hxg3 Qd6 16. Kf2 Bf5 17. Ba4 a6 18. Bc2 Bxc2 19. Qxc2 b5 20. b3 Rc8 21. Qf5
Rec7 22. Ne2 cxb3 23. axb3 Rc2 24. Bd2 Ne6 25. Qd3 Qb6 26. Ra5 Ng5 27. Rfa1
Rxd2 28. Qxd2 Nge4+ 29. fxe4 Nxe4+ 30. Ke1 Nxd2 31. Kxd2 Qg6 32. R1a2 Qb1 33.
Rxa6 Qxb3 34. R6a3 Qb4+ 35. Nc3 g6 36. Ra5 Qxc3+ 0-1

[Event "FRA-chT2 0910"]
[Site "France"]
[Date "2009.10.17"]
[Round "2.8"]
[White "Granjard, Karine"]
[Black "Gatine, Aurelia"]
[Result "0-1"]
[WhiteElo "1674"]
[BlackElo "1938"]
[PlyCount "136"]
[EventDate "2009.09.27"]
[EventType "team"]
[EventRounds "11"]
[EventCountry "FRA"]
[Source "ChessBase"]
[SourceDate "2010.03.11"]

1. d4 Nf6 2. c4 c5 3. Nf3 cxd4 4. Nxd4 g6 5. Nc3 Bg7 6. Bg5 h6 7. Bh4 Nc6 8. e3
O-O 9. h3 d6 10. Be2 Qb6 11. Nb3 Be6 12. O-O Ne5 13. Nd5 Bxd5 14. cxd5 g5 15.
Bg3 Ne4 16. Bh2 Nc5 17. Nxc5 dxc5 18. Rb1 Rfd8 19. b3 e6 20. Bc4 Qa5 21. a4 a6
22. Bxe5 Bxe5 23. Qf3 b5 24. axb5 axb5 25. b4 cxb4 26. Bb3 exd5 27. Bxd5 Ra7
28. Qe4 Bc3 29. Qg6+ Bg7 30. Qe4 Rad7 31. Bb3 Rd3 32. Qe7 R3d7 33. Qc5 Bc3 34.
Qf5 Qb6 35. Bc2 Qf6 36. Qxb5 Rd2 37. Qf5 Qxf5 38. Bxf5 Rb2 39. Rxb2 Bxb2 40.
Rb1 Bc3 41. g3 Kg7 42. Kg2 Kf6 43. Be4 Rd2 44. Kf3 Ke5 45. Bc6 Kd6 46. Ba4 Kc5
47. Rd1 Rxd1 48. Bxd1 Kc4 49. Bc2 b3 50. Bb1 Bb4 51. h4 Kc3 52. hxg5 hxg5 53.
Kg4 f6 54. f4 Be7 55. Kf5 Kb2 56. Bd3 Kc1 57. Ke4 b2 58. fxg5 fxg5 59. g4 b1=Q
60. Bxb1 Kxb1 61. Kf5 Kc2 62. e4 Kd3 63. e5 Ke3 64. e6 Kf3 65. Kg6 Kxg4 66. Kf7
Bb4 67. e7 Bxe7 68. Kxe7 Kf4 0-1

[Event "FRA-chT2 0910"]
[Site "France"]
[Date "2009.10.17"]
[Round "2.8"]
[White "Millet, Maud"]
[Black "Mottais, Marie"]
[Result "1-0"]
[WhiteElo "1960"]
[BlackElo "1470"]
[PlyCount "69"]
[EventDate "2009.09.27"]
[EventType "team"]
[EventRounds "11"]
[EventCountry "FRA"]
[Source "ChessBase"]
[SourceDate "2010.03.11"]

1. d4 d5 2. c4 Nf6 3. Nc3 Nc6 4. e3 Bf5 5. a3 e6 6. Nf3 h6 7. b4 a6 8. c5 b6 9.
b5 Na5 10. cxb6 Nc4 11. b7 Ra7 12. Ne5 Rxb7 13. bxa6 Rb6 14. Bxc4 dxc4 15. Qa4+
Nd7 16. a7 Bc2 17. Qxc2 Ra6 18. O-O Bd6 19. Nxc4 Rxa7 20. Nxd6+ cxd6 21. Nb5
Ra6 22. Nc7+ Ke7 23. Nxa6 Qa8 24. Qd3 Qd5 25. Nb4 Qh5 26. f4 g5 27. f5 Nf6 28.
Qd1 g4 29. Nc6+ Ke8 30. fxe6 Ne4 31. Rb1 fxe6 32. Rb8+ Kd7 33. Rxh8 Kxc6 34.
Qc2+ Kd5 35. Rb8 1-0

[Event "FRA-chT2 0910"]
[Site "France"]
[Date "2009.10.17"]
[Round "2.8"]
[White "Monpeurt, Cyrielle"]
[Black "Muheim, Sebastien"]
[Result "0-1"]
[WhiteElo "1818"]
[BlackElo "2040"]
[PlyCount "70"]
[EventDate "2009.09.27"]
[EventType "team"]
[EventRounds "11"]
[EventCountry "FRA"]
[Source "ChessBase"]
[SourceDate "2010.03.11"]

1. e4 c5 2. Nf3 d6 3. d4 cxd4 4. Nxd4 Nf6 5. Nc3 a6 6. Bg5 Nbd7 7. Qf3 g6 8.
Be2 Bg7 9. O-O-O Qc7 10. h4 h6 11. Be3 Ne5 12. Qg3 h5 13. Kb1 b5 14. Nd5 Nxd5
15. exd5 Bd7 16. Rhe1 O-O 17. Bg5 Rae8 18. Qe3 e6 19. dxe6 Bxe6 20. Bh6 Ng4 21.
Bxg4 Bxa2+ 22. Kxa2 Rxe3 23. Bxe3 hxg4 24. Re2 Re8 25. Red2 a5 26. Kb1 a4 27.
Nxb5 Qb7 28. Rd5 a3 29. bxa3 Re5 30. c4 Re4 31. Bd4 Bxd4 32. R5xd4 Rxd4 33.
Rxd4 Qxg2 34. Rxd6 Qf1+ 35. Kb2 Qxc4 0-1

[Event "FRA-chT2 0910"]
[Site "France"]
[Date "2009.10.17"]
[Round "2.8"]
[White "Patetif, Dyanna"]
[Black "Pelletier, Rachel"]
[Result "0-1"]
[WhiteElo "1800"]
[BlackElo "1780"]
[PlyCount "80"]
[EventDate "2009.09.27"]
[EventType "team"]
[EventRounds "11"]
[EventCountry "FRA"]
[Source "ChessBase"]
[SourceDate "2010.03.11"]

1. d4 Nf6 2. Bg5 Ne4 3. Bh4 d5 4. e3 Nd7 5. Bd3 g6 6. Nd2 Nxd2 7. Qxd2 Bg7 8.
f4 c5 9. c3 O-O 10. Nf3 b6 11. O-O Nf6 12. Bxf6 Bxf6 13. Rae1 e6 14. Ne5 Bb7
15. Rf3 Rc8 16. Rh3 Bg7 17. Qe2 cxd4 18. exd4 Rc7 19. g4 Bc8 20. Qf2 Bxe5 21.
fxe5 f6 22. exf6 Rxf6 23. Qh4 Qf8 24. Rf1 Rxf1+ 25. Bxf1 Qf4 26. Qd8+ Kg7 27.
Qh4 h6 28. Qg3 Rf7 29. Qxf4 Rxf4 30. Rg3 Kf6 31. Kg2 e5 32. dxe5+ Kxe5 33. Re3+
Re4 34. Rf3 Rxg4+ 35. Kh1 Rf4 36. Re3+ Re4 37. Rf3 Bf5 38. Kg1 Rf4 39. Re3+ Be4
40. b4 Rf3 0-1

[Event "FRA-chT2 0910"]
[Site "France"]
[Date "2009.10.17"]
[Round "2.8"]
[White "Robert, Diane"]
[Black "Bollet, Marie Ange"]
[Result "1-0"]
[WhiteElo "1630"]
[BlackElo "1499"]
[PlyCount "95"]
[EventDate "2009.09.27"]
[EventType "team"]
[EventRounds "11"]
[EventCountry "FRA"]
[Source "ChessBase"]
[SourceDate "2010.03.11"]

1. e4 e5 2. Nf3 Nc6 3. Bc4 Bc5 4. d3 h6 5. O-O d6 6. c3 Bg4 7. Be3 Bb6 8. Nbd2
Nf6 9. Qc2 Na5 10. Bb5+ Bd7 11. a4 Bxe3 12. fxe3 O-O 13. d4 Ng4 14. Rae1 c6 15.
Bd3 b6 16. b4 Nb7 17. Nc4 Qe7 18. h3 b5 19. axb5 cxb5 20. Na3 Nf6 21. Nxb5 Rfc8
22. Rc1 Qe8 23. Na3 Nh5 24. Qf2 a5 25. b5 Qf8 26. Kh2 d5 27. Qb2 Qd6 28. dxe5
Qg6 29. Qf2 Nc5 30. Nh4 Nxd3 31. Nxg6 Nxf2 32. Ne7+ Kh7 33. Nxc8 Rxc8 34. Rxf2
dxe4 35. Rxf7 Be8 36. Rf8 g6 37. b6 Kg7 38. Rf2 Kh7 39. b7 Rb8 40. Rb1 Ng7 41.
Rf6 Nf5 42. Ra6 Nxe3 43. Ra8 Bf7 44. Rxb8 Bd5 45. Rd8 h5 46. b8=Q Nf5 47. Rh8+
Kg7 48. Qf8# 1-0

[Event "FRA-chT2 0910"]
[Site "France"]
[Date "2009.10.17"]
[Round "2.8"]
[White "Verwaerde, Jolanthe"]
[Black "Roger, Juliette"]
[Result "0-1"]
[WhiteElo "1590"]
[BlackElo "1538"]
[PlyCount "96"]
[EventDate "2009.09.27"]
[EventType "team"]
[EventRounds "11"]
[EventCountry "FRA"]
[Source "ChessBase"]
[SourceDate "2010.03.11"]

1. e4 c5 2. Nf3 Nc6 3. Bb5 g6 4. O-O Bg7 5. c3 Ne5 6. Nxe5 Bxe5 7. Bc4 Bg7 8.
d4 cxd4 9. cxd4 Qb6 10. e5 Nh6 11. Nc3 Nf5 12. Ne2 O-O 13. b3 d6 14. Bb2 Rd8
15. Qc2 Bd7 16. exd6 Qxd6 17. d5 Rac8 18. Bxg7 Nxg7 19. Qe4 b5 20. Bd3 Bf5 21.
Qf3 Bxd3 22. Qxd3 Qxd5 23. Qxd5 Rxd5 24. Ng3 Nf5 25. Nxf5 Rxf5 26. f3 Rc2 27.
Rfc1 Rfc5 28. Rd1 Rc7 29. Re1 e6 30. Kf1 Rd7 31. Re2 Rdd2 32. Rxd2 Rxd2 33. b4
Rb2 34. a3 Kg7 35. Rc1 Rb3 36. Ra1 Kf6 37. Kf2 a6 38. Ra2 Kf5 39. Kg3 e5 40.
Kh4 f6 41. h3 Kf4 42. Ra1 f5 43. Ra2 h6 44. Ra1 Rb2 45. g4 Kxf3 46. gxf5 gxf5
47. Rg1 e4 48. Rg6 e3 0-1

[Event "FRA-chT2 0910"]
[Site "France"]
[Date "2009.10.17"]
[Round "2.8"]
[White "Vinckier, Delphine"]
[Black "Leberre, Tennesse"]
[Result "1/2-1/2"]
[WhiteElo "1801"]
[BlackElo "1843"]
[PlyCount "84"]
[EventDate "2009.09.27"]
[EventType "team"]
[EventRounds "11"]
[EventCountry "FRA"]
[Source "ChessBase"]
[SourceDate "2010.03.11"]

1. e4 c5 2. Nf3 Nf6 3. Nc3 d5 4. e5 d4 5. Ne2 Nd5 6. Ng3 Nc6 7. c3 dxc3 8. dxc3
e6 9. Bc4 b6 10. O-O Bb7 11. Ne4 Be7 12. Bg5 Bxg5 13. Nd6+ Kf8 14. Nxb7 Qe7 15.
Nd6 Nxe5 16. Bxd5 exd5 17. Qxd5 Nxf3+ 18. Qxf3 Rd8 19. Ne4 Bh6 20. Rad1 g6 21.
Rxd8+ Qxd8 22. Rd1 Qc7 23. Nf6 Kg7 24. Ng4 Bg5 25. Ne3 Re8 26. Re1 Qd8 27. Kf1
Qd2 28. Qe2 Qxe2+ 29. Rxe2 Bxe3 30. Rxe3 Rxe3 31. fxe3 Kf6 32. Ke2 c4 33. Kf3
Ke5 34. e4 h5 35. h3 g5 36. g4 hxg4+ 37. hxg4 b5 38. a3 a5 39. Ke3 f6 40. Kf3
Kd6 41. Ke3 Kc5 42. Kd2 Kd6 1/2-1/2

[Event "FRA-chT2 0910"]
[Site "France"]
[Date "2009.10.18"]
[Round "3.1"]
[White "Andrieux, Pascal"]
[Black "Payen, Arnaud"]
[Result "1/2-1/2"]
[WhiteElo "2243"]
[BlackElo "2356"]
[PlyCount "70"]
[EventDate "2009.09.27"]
[EventType "team"]
[EventRounds "11"]
[EventCountry "FRA"]
[Source "ChessBase"]
[SourceDate "2010.03.11"]

1. e4 c6 2. d4 g6 3. Nf3 Bg7 4. Bd3 d5 5. c3 dxe4 6. Bxe4 Nf6 7. Bc2 Bg4 8. h3
Bxf3 9. Qxf3 Nbd7 10. O-O O-O 11. Re1 Re8 12. Bf4 Qb6 13. Bb3 a5 14. Nd2 a4 15.
Bc4 c5 16. dxc5 Qxc5 17. Qe3 Qc6 18. a3 Nd5 19. Bxd5 Qxd5 20. Rad1 Qc6 21. Nc4
Rad8 22. Ne5 Nxe5 23. Bxe5 f6 24. Bd4 e5 25. Bb6 Rd6 26. Qc5 Ree6 27. Qxc6 Rxc6
28. Rd8+ Kf7 29. Be3 Red6 30. Rd1 Rxd1+ 31. Rxd1 Ke6 32. Rd8 Rd6 33. Rb8 Rd7
34. Kf1 Kd5 35. Rc8 Ke6 1/2-1/2

[Event "FRA-chT2 0910"]
[Site "France"]
[Date "2009.10.18"]
[Round "3.1"]
[White "Anic, Darko"]
[Black "Boudre, Jean Pierre"]
[Result "1-0"]
[WhiteElo "2444"]
[BlackElo "2343"]
[PlyCount "67"]
[EventDate "2009.09.27"]
[EventType "team"]
[EventRounds "11"]
[EventCountry "FRA"]
[Source "ChessBase"]
[SourceDate "2010.03.11"]
[WhiteTeam "Lodève"]

1. Nf3 d5 2. g3 Bg4 3. Bg2 e6 4. c4 c6 5. Qc2 Bd6 6. b3 Ne7 7. Bb2 O-O 8. O-O
Nd7 9. d3 Rc8 10. Nbd2 Re8 11. e4 c5 12. cxd5 exd5 13. Rfe1 d4 14. h3 Bh5 15.
e5 Bb8 16. e6 fxe6 17. Ng5 Nc6 18. Nxe6 Qa5 19. a3 h6 20. Nc4 Qb5 21. b4 Bf7
22. Nxc5 Nxc5 23. bxc5 Qxc5 24. Qd2 Bd5 25. Rxe8+ Rxe8 26. Re1 Rxe1+ 27. Qxe1
Bxg2 28. Qe6+ Kh7 29. Kxg2 Bc7 30. Qd7 b5 31. Nd2 Bb6 32. Ne4 Qc2 33. Nf6+ Kg6
34. Ne8 1-0

[Event "FRA-chT2 0910"]
[Site "France"]
[Date "2009.10.18"]
[Round "3.1"]
[White "Borne, Niels"]
[Black "Samoun, Florent"]
[Result "1-0"]
[WhiteElo "2289"]
[BlackElo "2121"]
[PlyCount "137"]
[EventDate "2009.09.27"]
[EventType "team"]
[EventRounds "11"]
[EventCountry "FRA"]
[Source "ChessBase"]
[SourceDate "2010.03.11"]

1. d4 d5 2. c4 e6 3. Nf3 Nf6 4. g3 Be7 5. Bg2 O-O 6. O-O b6 7. Qc2 Bb7 8. Rd1
dxc4 9. Qxc4 c5 10. Nc3 Qc8 11. Bf4 Nd5 12. Nxd5 Bxd5 13. Qd3 Qa6 14. dxc5 Qxd3
15. Rxd3 Bxc5 16. Ng5 Bxg2 17. Kxg2 Na6 18. a3 e5 19. Be3 Bxe3 20. Rxe3 f6 21.
Ne4 Rac8 22. Rd1 Rc2 23. b4 Nc7 24. Rc3 Rxc3 25. Nxc3 Ne6 26. Nb5 a6 27. Rd6
axb5 28. Rxe6 Rb8 29. Re7 Rd8 30. Re6 Rb8 31. Rd6 Kf7 32. Rd7+ Kf8 33. Rd5 Ke7
34. e4 Ke6 35. Rxb5 Kd6 36. Rd5+ Kc6 37. f4 exf4 38. gxf4 Ra8 39. Rd3 Ra7 40.
Kf3 Re7 41. h4 b5 42. h5 Re8 43. Rc3+ Kd6 44. Ke3 Ra8 45. Kd4 Rd8 46. Rc5 Ra8
47. Rxb5 Rxa3 48. Rb7 Rh3 49. Rxg7 Rxh5 50. Rb7 Rh1 51. Rb6+ Ke7 52. f5 h5 53.
Rb7+ Kd6 54. Rf7 Rd1+ 55. Ke3 Re1+ 56. Kf3 Ke5 57. Re7+ Kd4 58. Rd7+ Kc4 59.
Rd6 Kxb4 60. Rxf6 Kc5 61. Kf4 h4 62. Ke5 h3 63. Rh6 Re3 64. f6 Rf3 65. Ke6 Kd4
66. e5 Re3 67. Rh4+ Re4 68. Rxe4+ Kxe4 69. f7 1-0